000 00302nam a22001217a 4500
008 171003b xxu||||| |||| 00| 0 eng d
041 _aeng
080 _a159.9
100 _a48
101 _aPSI
245 _aNEW PERSEPCTIVES ON PSYCHOTHERAPY OF THE BORDERLINE ADULT
_cMASTERSON,J,F
942 _2udc
_cBK
999 _c31391
_d31391